000 01366cam a22003497a 4500
003 CHAP
005 20220329141959.0
008 981105 1997 mx b r 00010 spa d
010 _a76618
011 _a77590
020 _a968779822X
035 _a87199
040 _cCHAP
082 0 4 _a378.058
_bD5 1997
245 1 0 _aDirectorio programas académicos de instituciones nacionales de educación superior en medio ambiente, recursos naturales y pesca
_c/por Centro de Educaciòn y Capacitación para el Desarrollo Sustentable
250 _a3a. ed.
260 _aMéxico, D.F. :
_bSecretaría del Medio Ambiente, Recursos Naturales y Pesca
_c1997.
300 _a220 p. :
_bgráfs. ; mapas
590 _aBATCH-UPD
_b10
_c20130110
_lUCH01
_h0607
590 _aBATCH-UPD
_b10
_c20130410
_lUCH01
_h0248
590 _aBATCH-UPD
_b10
_c20130410
_lUCH01
_h1632
590 _aBATCH-UPD
_b10
_c20130914
_lUCH01
_h1246
590 _aCONVERSION
_b10
_c20130109
_lUCH01
_h1342
650 1 4 _aEducación superior
_xDirectorios.
_935623
650 1 4 _aMedio ambiente
_xInvestigación
_xDirectorios.
_974095
650 1 4 _aPesca
_xInvestigación
_xDirectorios.
_987392
650 1 4 _aRecursos naturales
_xInvestigación
_xDirectorios.
_995293
901 _aBK
905 _aAraceli Hernández G.
942 _cLIBRO
949 _a378.058 D5 1997
_bBC
_cC
_d33724000708731
_eLIBRO
_h93517
_i87199
_sb
999 _c76618
_d76618